000 00703nam a2200265Ia 4500
005 20250425162738.0
008 250425s9999 xx 000 0 und d
020 _a094443522X
041 _aeng
082 _a658.15
100 _aHICKEL, JAMES K.
245 0 _aTHE COST-EFFECTIVE ORGANIZATION HOW TO CREATE IT HOW TO MAINTAIN IT
250 _a1ST ED.
260 _aEstados Unidos
_bGLENBRIDGE PUBLISHING LTD.
_c1993
260 _aLAKEWOOD
300 _a220
650 _aCONTROL DE COSTOS
650 _aNEGOCIOS
650 _aPLANIFICACION ESTRATEGICA
650 _aPRESUPUESTO
650 _aRENTABILIDAD
710 _aGLENBRIDGE PUBLISHING LTD.
942 _c01
010 _a104558
999 _c235578
_d235578